Sports Quiz

Random Sports Quiz
Score 0/102 Timer 15:00
1 Play Today
Player % Correct
Thierry Henry
98%
Zinédine Zidane
95.2%
Lilian Thuram
94.7%
Hugo Lloris
93.3%
Fabien Barthez
92.7%
Didier Deschamps
91.9%
Patrick Vieira
91.6%
Michel Platini
91.3%
Laurent Blanc
90.7%
David Trezeguet
90.2%
Marcel Desailly
89.9%
Bixente Lizarazu
89.3%
Karim Benzema
89.3%
Olivier Giroud
89.3%
Patrice Evra
89%
Emmanuel Petit
87.4%
Antoine Griezmann
86.8%
Paul Pogba
84.6%
Robert Pirès
84.3%
Sylvain Wiltord
83.7%
Franck Ribéry
83.1%
Raphaël Varane
82.9%
Youri Djorkaeff
82.3%
Jean Djorkaeff
82.3%
Claude Makélélé
80.9%
Samuel Umtiti
80.4%
Willy Sagnol
79.8%
Nicolas Anelka
78.7%
Jean-Pierre Papin
78.7%
Éric Cantona
78.4%
Bacary Sagna
77.8%
Blaise Matuidi
77.8%
N'Golo Kanté
77%
Laurent Koscielny
77%
Player % Correct
Florent Malouda
75%
William Gallas
72.8%
Frank Leboeuf
72.8%
Kylian Mbappé
72.7%
Éric Abidal
72.5%
Jean-Amadou Tigana
72.5%
Bernard Lama
71.3%
Christophe Dugarry
70.2%
Grégory Coupet
70.2%
Raymond Kopa
67.1%
Samir Nasri
67.1%
Christian Karembeu
66.9%
Alou Diarra
63.8%
Lassana Diarra
63.8%
Luis Fernandez
63.5%
Moussa Sissoko
62.9%
Alain Giresse
61.8%
Mathieu Valbuena
61.2%
Sidney Govou
59.8%
Jérémy Toulalan
59.8%
Vincent Candela
59%
Yohann Gourcuff
59%
Djibril Cissé
58.7%
Mikaël Silvestre
58.7%
Patrick Battiston
58.1%
Joël Bats
57.9%
Dimitri Payet
57.6%
Manuel Amoros
57.3%
Marius Trésor
56.5%
Yohan Cabaye
55.9%
Adil Rami
55.3%
Dominique Rocheteau
54.8%
André-Pierre Gignac
54.8%
Jocelyn Angloma
53.7%
Player % Correct
Basile Boli
52.2%
Didier Six
51.4%
Maxime Bossis
45.2%
Franck Sauzée
40.2%
Bernard Lacombe
40.2%
Bruno Bellone
37.9%
Yannick Stopyra
34.6%
Bruno Martini
33.7%
Christian Lopez
32.9%
Henri Michel
30.6%
Jean-Marc Ferreri
26.4%
Gérard Janvion
25.6%
Jean Vincent
25.3%
Roger Piantoni
23%
Roger Marche
21.1%
Robert Jonquet
21.1%
Paul Nicolas
13.8%
Georges Carnus
12.6%
Bernard Bosquier
11.8%
Maryan Wisniewski
11.8%
Jean-Jacques Marcel
11.2%
Georges Lech
11.2%
Georges Bereta
11%
Charly Loubet
9.8%
Éttiene Mattler
9.6%
Alfred Aston
7.9%
Raymond Kaelbel
7.6%
Alexis Thépot
6.5%
André Lerond
5.9%
Jean Baratte
5.3%
Armand Penverne
4.8%
Edmond Delfour
3.7%
Jules Dewaquez
3.4%
Raymond Dbuly
3.4%

You're not logged in!

Compare scores with friends on all Sporcle quizzes.
OR
Log In

Sporcle TV

Today on Sporcle TV


Watch our educational content, quiz creation guides, and fun videos on Sporcle TV.

Show Comments

Extras

Created Jun 10, 2017ReportNominate
Tags:100, cap, Capped, France, Player

Top Quizzes Today


Score Distribution

Paid Content

Your Account Isn't Verified!

In order to create a playlist on Sporcle, you need to verify the email address you used during registration. Go to your Sporcle Settings to finish the process.

Report this User

Report this user for behavior that violates our Community Guidelines.

Details: